[Event "Challenge"]
[Site "http://www.queenalice.com/game.php?id=1272890"]
[Date "2014.4.13"]
[Round "-"]
[White "dejami"]
[Black "MarKo85"]
[Result "1-0"]
[WhiteElo "1728"]
[BlackElo "1666"]

1. e4 e5 2. Bc4 Nf6 3. d3 Nc6 4. c3 d6 5. h3 d5 6. exd5 Nxd5 7. Qf3 Be6 8. Nd2
Bd6 9. Bxd5 O-O 10. Bxc6 bxc6 11. Qxc6 Rb8 12. Ne4 Rb6 13. Qa4 a6 14. b4 Bd7 15.
Qd1 Qe7 16. a3 f5 17. Bg5 Qe6 18. Ng3 f4 19. Ne4 Be7 20. f3 h6 21. Bxe7 Qxe7 22.
Nc5 Qh4+ 23. Ke2 Qg3 24. Nxd7 Qxg2+ 25. Ke1 Qxh1 26. Qb3+ Rf7 27. Kf1 Rd6 28.
Nxe5 Rf6 29. Nxf7 Rxf7 30. Re1 Kf8 31. Qe6 Kg8 32. Qe8+ Rf8 33. Qe6+ Rf7 34. Qg6
Qh2 35. Re8+ Rf8 36. Qe6+ Kh7 37. Rxf8 Qd2 38. Qf5+ g6 39. Qf7# 1-0

[Event "Let's Play Chess!"]
[Site "http://www.queenalice.com/game.php?id=1276358"]
[Date "2014.4.26"]
[Round "-"]
[White "port956"]
[Black "MarKo85"]
[Result "0-1"]
[WhiteElo "1331"]
[BlackElo "1682"]

1. e4 e5 2. d3 d6 3. Nc3 Nc6 4. Be3 Nf6 5. Qf3 Nd4 6. Qd1 Be7 7. f4 Ng4 8. Bxd4
exd4 9. Nd5 Ne3 10. Qc1 Nxd5 11. exd5 g5 12. Nf3 g4 13. Nxd4 Bd7 14. Qe3 c5 15.
dxc6 Bxc6 16. O-O-O Qb6 17. Nf5 Qc7 18. Rg1 O-O-O 19. Nxe7+ Kb8 20. f5 Rde8 21.
f6 h5 22. d4 Rh6 23. Qxh6 Be4 24. Bd3 Bxd3 25. Rxd3 d5 26. g3 Qc4 27. Qxh5 Qxa2
28. Qxf7 Rd8 29. Nc6+ Kc8 30. Rb3 Rd7 0-1

[Event "Let's Play Chess!"]
[Site "http://www.queenalice.com/game.php?id=1276359"]
[Date "2014.4.26"]
[Round "-"]
[White "MarKo85"]
[Black "port956"]
[Result "1-0"]
[WhiteElo "1655"]
[BlackElo "1472"]

1. d4 d5 2. e3 Nc6 3. c4 Nf6 4. Nc3 e6 5. Nf3 Qd6 6. c5 Qd7 7. Ne5 Nxe5 8. dxe5
Ne4 9. Bb5 c6 10. Nxe4 cxb5 11. Nd6+ Bxd6 12. exd6 Qc6 13. b4 e5 14. O-O O-O 15.
Bb2 f6 16. a3 h5 17. h4 Bg4 18. f3 Bf5 19. g3 g6 20. f4 Bg4 21. Qd2 Rae8 22.
fxe5 d4 23. exd4 f5 24. Rf4 Rd8 25. d5 Qa6 26. e6 Rb8 27. e7 Rf7 28. Re1 b6 29.
c6 1-0

[Event "Challenge"]
[Site "http://www.queenalice.com/game.php?id=1277156"]
[Date "2014.4.28"]
[Round "-"]
[White "MarKo85"]
[Black "Ruusgugg"]
[Result "1-0"]
[WhiteElo "1679"]
[BlackElo "1355"]

1. d4 d5 2. e3 Nc6 3. c4 dxc4 4. Bxc4 e6 5. Nc3 Bd6 6. Nf3 a5 7. O-O Nb4 8. Nb5
c6 9. Nxd6+ Qxd6 10. b3 b5 11. Be2 Nf6 12. a3 Na6 13. Ne5 Qd5 14. Bb2 O-O 15.
Rc1 c5 16. Bxb5 Qb7 17. Bc6 Qc7 18. Bxa8 Qb6 19. Nc6 Bd7 20. Ne5 a4 21. Nc4 Qa7
22. Bf3 Qb8 23. Qd3 axb3 24. Ne5 Bb5 25. Nc6 Bxc6 26. Bxc6 Ng4 27. g3 e5 28.
Qxa6 cxd4 29. exd4 e4 30. d5 f5 31. d6 Qxd6 32. Rc3 Qh6 33. h4 f4 34. Qc4+ Rf7
35. Bd5 Ne5 36. Qc8# 1-0

[Event "Challenge"]
[Site "http://www.queenalice.com/game.php?id=1280099"]
[Date "2014.5.8"]
[Round "-"]
[White "tucuman"]
[Black "MarKo85"]
[Result "1-0"]
[WhiteElo "1722"]
[BlackElo "1652"]

1. c3 d5 2. d4 e6 3. Nf3 Nf6 4. Bg5 Be7 5. Bxf6 Bxf6 6. e3 Nc6 7. Bb5 O-O 8.
Bxc6 bxc6 9. O-O Ba6 10. Re1 Qb8 11. b4 Bc4 12. Nbd2 Ba6 13. a4 Qb7 14. Rb1 Rad8
15. Qc2 h6 16. c4 Be7 17. b5 cxb5 18. cxb5 Bxb5 19. axb5 Bd6 20. Ne5 Ra8 21.
Ndf3 f6 22. Nd7 Rfc8 23. Qg6 c6 24. Nxf6+ Kf8 25. bxc6 Qxc6 26. Ne5 Qc7 27.
Nfd7+ Kg8 28. Qf7+ Kh8 29. g3 Rd8 30. Nc5 Bxe5 31. Qxc7 Bxc7 32. Nxe6 Rdb8 33.
Nxc7 Rxb1 34. Rxb1 Rc8 35. Ne6 Kh7 36. Rb7 Rc1+ 37. Kg2 Ra1 38. Rxg7+ Kh8 39.
Rd7 a5 40. Rxd5 a4 41. Ra5 Kh7 42. d5 Kg8 43. Nd4 Kf7 44. Nc2 Ra2 45. Nb4 Ra3
46. Ra6 h5 47. h4 Ke7 48. d6+ Kd7 49. e4 Kd8 50. e5 Kd7 51. Nc2 Rc3 52. Nb4 Ra3
53. f4 Ke6 54. Kh2 Kd7 55. f5 Rf3 56. Rxa4 Rxf5 57. Ra5 Ke6 58. Nd3 Rf7 59. Nf4+
Kd7 60. Ra7+ Ke8 61. Ra8+ Kd7 62. Nxh5 Rf2+ 63. Kh3 Re2 64. Ra7+ Kd8 65. Ra5 Kd7
66. g4 Re3+ 67. Ng3 Ke6 68. h5 1-0

[Event "Challenge"]
[Site "http://www.queenalice.com/game.php?id=1280100"]
[Date "2014.5.8"]
[Round "-"]
[White "MarKo85"]
[Black "tucuman"]
[Result "0-1"]
[WhiteElo "1684"]
[BlackElo "1635"]

1. d4 d5 2. e3 Nf6 3. c4 Nc6 4. Nc3 a6 5. Nf3 e6 6. Bd2 h6 7. Bd3 dxc4 8. Bxc4
Bd6 9. O-O Qe7 10. a3 Bd7 11. Na4 Na7 12. Nc5 Bxc5 13. dxc5 Qxc5 14. Qc2 Bc6 15.
Nd4 O-O 16. Bb4 Qg5 17. g3 Rfe8 18. Ba2 Qg4 19. Nxc6 Nxc6 20. Bc3 h5 21. Rad1
Qh3 22. Bxf6 gxf6 23. Bb1 Qf5 24. e4 Qg4 25. Rd7 Ne5 26. Rxc7 Nf3+ 27. Kg2 Ne5
28. Rxb7 h4 29. Qc7 Qf3+ 30. Kg1 h3 0-1

[Event "Juguemos ajedrez!"]
[Site "http://www.queenalice.com/game.php?id=1285567"]
[Date "2014.6.2"]
[Round "-"]
[White "MarKo85"]
[Black "Piazzolero"]
[Result "0-1"]
[WhiteElo "1643"]
[BlackElo "1670"]

1. d4 d5 2. e3 Nc6 3. c4 e6 4. Nc3 Nf6 5. Nf3 Bd6 6. b3 Bb4 7. Bd2 Ne4 8. Rc1
Qf6 9. Ne5 Nxf2 10. Qf3 Nxh1 0-1

[Event "Challenge"]
[Site "http://www.queenalice.com/game.php?id=1285724"]
[Date "2014.6.3"]
[Round "-"]
[White "tucuman"]
[Black "MarKo85"]
[Result "1-0"]
[WhiteElo "1832"]
[BlackElo "1646"]

1. Nc3 d5 2. d4 Nf6 3. h3 e6 4. Nf3 Nc6 5. e3 Be7 6. Bb5 O-O 7. a3 a6 8. Bxc6
bxc6 9. Ne5 c5 10. dxc5 Bxc5 11. O-O Ne4 12. Nxe4 dxe4 13. Qxd8 Rxd8 14. b4 Ba7
15. c4 Bb7 16. c5 c6 17. Bb2 f5 18. Rad1 Rd5 19. Rxd5 exd5 20. f3 Re8 21. fxe4
dxe4 22. Rxf5 g6 23. Rf7 Bb8 24. Rxb7 Bxe5 25. Bxe5 Rxe5 26. Rb6 Rd5 27. Rxc6
Rd1+ 28. Kf2 Rd2+ 29. Kf1 Rd3 30. Rxa6 Rxe3 31. Kf2 Rd3 32. Ke2 Rg3 33. Kf2 Rd3
34. Ke2 Kf8 35. Ra7 Ke8 36. a4 Kd8 37. c6 Kc8 38. b5 Kb8 39. b6 Rb3 40. a5 Rc3
41. c7+ Kc8 42. Ra8+ Kb7 43. Rb8+ Ka6 44. c8=Q+ Rxc8 45. Rxc8 Kb7 46. Rc5 Ka6
47. Ke3 1-0

[Event "Challenge"]
[Site "http://www.queenalice.com/game.php?id=1287686"]
[Date "2014.6.12"]
[Round "-"]
[White "tucuman"]
[Black "MarKo85"]
[Result "1/2-1/2"]
[WhiteElo "1775"]
[BlackElo "1637"]

1. c3 e5 2. e4 Nc6 3. Nf3 d6 4. d3 Nf6 5. Bg5 Be7 6. Bxf6 Bxf6 7. Be2 Nd4 8.
Nxd4 exd4 9. c4 c5 10. Nd2 O-O 11. Bg4 Bxg4 12. Qxg4 b6 13. a4 Re8 14. O-O Bg5
15. f4 Bf6 16. b3 g6 17. Qh3 Bg7 18. f5 gxf5 19. Rxf5 Re5 20. Rxe5 dxe5 21. Nf3
Qf6 22. Rf1 Qf4 23. Nh4 Qe3+ 24. Qxe3 dxe3 25. Re1 Bh6 26. Nf5 Bf4 27. Nxe3 Kh8
28. Nf5 f6 29. g3 Bd2 30. Rf1 Rd8 31. Rf3 a5 32. g4 Kg8 33. h4 Kh8 34. Kg2 Rg8
35. Kh3 Rg6 36. h5 Rg5 37. Rf2 Bf4 38. Rf3 Kg8 1/2-1/2

[Event "Challenge"]
[Site "http://www.queenalice.com/game.php?id=1287688"]
[Date "2014.6.12"]
[Round "-"]
[White "MarKo85"]
[Black "tucuman"]
[Result "0-1"]
[WhiteElo "1655"]
[BlackElo "1823"]

1. d4 d5 2. e3 e6 3. c4 Nc6 4. Nc3 Bb4 5. Bd2 Bxc3 6. Bxc3 Nf6 7. Nf3 h6 8. b3
Ne4 9. Bb2 a6 10. Bd3 Nf6 11. O-O Bd7 12. Ne5 Nxe5 13. dxe5 Nh7 14. Bxh7 Rxh7
15. cxd5 Qe7 16. d6 Qd8 17. Ba3 Qg5 18. f4 Qg6 19. g3 h5 20. dxc7 f5 21. Bd6 h4
22. Qf3 Bc6 23. Qf2 hxg3 24. hxg3 Kd7 25. Rfe1 Rh3 26. Kf1 Qg4 27. Re2 Rh1+ 28.
Qg1 Rxg1+ 29. Kxg1 Qxg3+ 30. Kf1 Qf3+ 31. Ke1 Qh1+ 0-1

[Event "Let's Play Chess!"]
[Site "http://www.queenalice.com/game.php?id=1289189"]
[Date "2014.6.19"]
[Round "-"]
[White "charles31"]
[Black "MarKo85"]
[Result "0-1"]
[WhiteElo "1535"]
[BlackElo "1639"]

1. Nc3 e5 2. e4 d6 3. Nf3 Nc6 4. h3 Be7 5. Bc4 Nf6 6. Ng5 O-O 7. d3 a6 8. Be3 b5
9. Bb3 Nd4 10. Bxd4 exd4 11. Nd5 Be6 12. Nxe7+ Qxe7 13. Nxe6 fxe6 14. f4 d5 15.
exd5 Nxd5 16. Qg4 Rxf4 17. Qg3 Rf7 18. a3 c5 19. O-O-O Ne3 20. Rde1 c4 21. dxc4
Nxc4 22. Re4 Rd8 23. Bxc4 bxc4 24. Rhe1 Rf6 25. Qe5 d3 26. cxd3 cxd3 27. Rd4 Rf5
28. Rxd8+ Qxd8 29. Qxe6+ Rf7 30. Rd1 Qc7+ 31. Kd2 Qc2+ 32. Ke1 Qf2# 0-1

[Event "Challenge"]
[Site "http://www.queenalice.com/game.php?id=1291161"]
[Date "2014.6.28"]
[Round "-"]
[White "MarKo85"]
[Black "Ruusgugg"]
[Result "1-0"]
[WhiteElo "1651"]
[BlackElo "1362"]

1. d4 Nf6 2. c4 d5 3. e3 Nh5 4. Nc3 c6 5. Qxh5 g6 6. Qd1 Bg7 7. h4 h5 8. Nf3 O-O
9. b3 Bf6 10. Ne5 Bg7 11. Ba3 f6 12. Nxg6 Rf7 13. Nxe7+ Rxe7 14. Bxe7 Qxe7 15.
cxd5 Qb4 16. Rc1 cxd5 17. Qxh5 Qa3 18. Qxd5+ Kf8 19. Rc2 Nc6 20. Bc4 Nb4 21.
Qf7# 1-0

[Event "Challenge"]
[Site "http://www.queenalice.com/game.php?id=1292195"]
[Date "2014.7.3"]
[Round "-"]
[White "ORNELAS"]
[Black "MarKo85"]
[Result "1-0"]
[WhiteElo "1613"]
[BlackElo "1645"]

1. e4 e5 2. d3 d6 3. Nf3 Nc6 4. c3 Nf6 5. Bg5 Be7 6. Nbd2 h6 7. Bh4 g5 8. Bg3
Nh5 9. Be2 Nxg3 10. hxg3 Bg4 11. Nh2 Bxe2 12. Qxe2 Nd4 13. cxd4 exd4 14. O-O c5
15. Ndf3 f6 16. Ng4 b6 17. b3 Qd7 18. Nfh2 d5 19. e5 O-O-O 20. e6 Qc6 21. Nf3
Rd6 22. Rac1 Rxe6 23. Qb2 a5 24. a4 b5 25. Nxd4 Qb6 26. Nxe6 Qxe6 27. axb5 Qxg4
28. b6 Qb4 29. Rfe1 Qxb6 30. Rxe7 d4 31. Qe2 Qxb3 32. Rxc5+ Kd8 33. Rcc7 Qb1+
34. Kh2 Qb8 35. Rcd7+ Kc8 36. Qc2+ 1-0

[Event "Challenge"]
[Site "http://www.queenalice.com/game.php?id=1292197"]
[Date "2014.7.3"]
[Round "-"]
[White "ORNELAS"]
[Black "MarKo85"]
[Result "0-1"]
[WhiteElo "1620"]
[BlackElo "1677"]

1. e4 e5 2. Bc4 Nf6 3. d3 d6 4. Bg5 Be7 5. Nf3 h6 6. Bh4 g5 7. Bg3 Nc6 8. Nbd2
Nh5 9. Bb5 Nxg3 10. fxg3 O-O 11. Bxc6 bxc6 12. Qe2 Be6 13. O-O-O Bxa2 14. Nb3
Bxb3 15. cxb3 c5 16. Kd2 c6 17. Ke1 f6 18. g4 d5 19. Kf2 d4 20. Rhf1 Qb6 21. Qc2
a5 22. Kg1 Rab8 23. Ra1 Qb4 24. Ra3 Qb5 25. Rfa1 Ra8 26. h3 Ra6 27. Nd2 Qb6 28.
Nc4 Qb7 29. Rxa5 Rxa5 30. Nxa5 Qa6 31. Qd2 Rb8 32. h4 c4 33. bxc4 Bb4 34. Qf2
Bxa5 35. Qxf6 Rxb2 36. Qg6+ Kf8 37. Qxh6+ Ke8 38. Qg6+ Kd7 39. h5 Re2 40. Qxg5
Re1+ 41. Rxe1 Bxe1 42. Qxe5 Qa1 43. Kh2 Qc3 44. Qf5+ Ke7 45. e5 Qd2 46. Qf6+ Ke8
47. Qxc6+ Ke7 48. Qc5+ Ke6 49. Qd5+ Ke7 50. Qd6+ Ke8 51. e6 Qe3 52. Qd7+ Kf8 0-1

[Event "Challenge"]
[Site "http://www.queenalice.com/game.php?id=1292507"]
[Date "2014.7.5"]
[Round "-"]
[White "ORNELAS"]
[Black "MarKo85"]
[Result "0-1"]
[WhiteElo "1643"]
[BlackElo "1628"]

1. Nf3 d5 2. d4 e6 3. Bg5 Nf6 4. Nbd2 Be7 5. Ne5 Nc6 6. Nxc6 bxc6 7. Nf3 O-O 8.
h3 Ba6 9. Qd2 c5 10. e3 Bxf1 11. Rxf1 c6 12. O-O-O Ne4 13. Qd3 Nxg5 14. Nxg5
Bxg5 15. f4 Bh6 16. dxc5 Qa5 17. Kb1 Qxc5 18. Qe2 a5 19. Rd4 Rab8 20. Rc1 Qb6
21. b3 g6 22. Qd3 c5 23. Ra4 c4 24. Qd4 Qxd4 25. Rxa5 Qc3 26. Ra3 Bg7 27. Rd1
Qb2# 0-1

[Event "Challenge"]
[Site "http://www.queenalice.com/game.php?id=1294103"]
[Date "2014.7.12"]
[Round "-"]
[White "tucuman"]
[Black "MarKo85"]
[Result "0-1"]
[WhiteElo "1729"]
[BlackElo "1628"]

1. e4 e5 2. Nf3 Nc6 3. Nc3 Nf6 4. Bc4 Bc5 5. h3 O-O 6. d3 d6 7. Bg5 h6 8. Nd5
hxg5 9. Nxf6+ Qxf6 10. Qd2 Bb4 11. c3 Ba5 12. b4 Bb6 13. Nxg5 Be6 14. Bxe6 fxe6
15. Nf3 d5 16. O-O d4 17. cxd4 Nxd4 18. Nxd4 Bxd4 19. Rab1 Qh4 20. a4 Rf6 21.
Qe2 Raf8 22. Rbc1 Rxf2 23. Rxf2 Rxf2 24. Qe1 Re2+ 25. Kh1 Rxe1+ 26. Rxe1 Qxe1+
27. Kh2 Bf2 0-1

[Event "Challenge"]
[Site "http://www.queenalice.com/game.php?id=1294104"]
[Date "2014.7.12"]
[Round "-"]
[White "MarKo85"]
[Black "tucuman"]
[Result "1-0"]
[WhiteElo "1661"]
[BlackElo "1671"]

1. d4 d5 2. c4 e6 3. Nc3 Bb4 4. e3 Bxc3+ 5. bxc3 Nc6 6. Nf3 Nf6 7. Ba3 Bd7 8.
Bd3 h6 9. O-O dxc4 10. Bxc4 a6 11. Ne5 Nxe5 12. Bb3 Ne4 13. Qh5 Ng6 14. c4 Qg5
15. Qxg5 hxg5 16. Bc2 O-O-O 17. Bxe4 f5 18. Bd3 g4 19. Rab1 Bc6 20. Bb2 Ne7 21.
Rfd1 g5 22. d5 exd5 23. Bxh8 Rxh8 24. cxd5 Nxd5 25. Bxf5+ Kb8 26. Bxg4 Nf6 27.
Be2 Ne4 28. Rd4 Rg8 29. g4 Nc3 30. Rb2 Nxe2+ 31. Rxe2 Bf3 32. Red2 Ka7 33. Rd7
Bxg4 34. Rxc7 Bf3 35. Rh7 g4 36. Rdd7 Rc8 37. h3 gxh3 38. Kh2 Bg2 39. f4 Rc2 40.
f5 Bc6+ 41. Kxh3 Bxd7 42. Rxd7 Rc3 43. Re7 Rc6 44. Re6 Rc7 45. f6 Rf7 46. e4 a5
47. a4 Rh7+ 48. Kg4 Rf7 49. e5 b6 50. Re7+ 1-0

[Event "Challenge"]
[Site "http://www.queenalice.com/game.php?id=1300135"]
[Date "2014.8.8"]
[Round "-"]
[White "tucuman"]
[Black "MarKo85"]
[Result "1/2-1/2"]
[WhiteElo "1632"]
[BlackElo "1707"]

1. e4 d5 2. exd5 Qxd5 3. Nc3 Qe6+ 4. Nge2 Nc6 5. d3 Bd7 6. g3 O-O-O 7. Bg2 Nd4
8. O-O Nxe2+ 9. Nxe2 c6 10. a4 Nf6 11. Be3 g6 12. Bxa7 Bg7 13. Bb6 Rde8 14. a5
Nd5 15. Bxd5 Qxd5 16. c3 c5 17. a6 Bc6 18. f3 bxa6 19. Rxa6 Bb7 20. Ra1 Qc6 21.
Ba5 g5 22. Kf2 Qxf3+ 23. Ke1 Qg2 24. Bb6 h5 25. Bxc5 h4 26. gxh4 Rxh4 27. Bf2
Rxh2 28. Kd2 Bh6 29. Kc2 Rd8 30. Qb1 Qf3 31. Qd1 Be4 32. Nd4 Rxf2+ 33. Rxf2
Qxf2+ 34. Kc1 g4+ 35. Kb1 Bd5 36. Qxg4+ Be6 37. Ra8+ Kd7 38. Ra7+ Kc8 39. Ra8+
Kd7 40. Ra7+ Kc8 41. Ra8+ 1/2-1/2

[Event "Challenge"]
[Site "http://www.queenalice.com/game.php?id=1300136"]
[Date "2014.8.8"]
[Round "-"]
[White "MarKo85"]
[Black "tucuman"]
[Result "1-0"]
[WhiteElo "1691"]
[BlackElo "1695"]

1. d4 d5 2. c4 e6 3. Nc3 h6 4. Nf3 Nf6 5. Bf4 a6 6. e3 Nc6 7. b3 Bd7 8. Bd3 Be7
9. O-O dxc4 10. Bxc4 O-O 11. Ne5 Nxe5 12. Bxe5 b5 13. Bd3 Bd6 14. Bxd6 cxd6 15.
Ne4 Nxe4 16. Bxe4 Rb8 17. Qf3 d5 18. Bd3 f5 19. Qg3 Qg5 20. Qd6 Rbd8 21. Qxa6
Rfe8 22. Bxb5 Bxb5 23. Qxb5 Rb8 24. Qd7 Rbd8 25. Qb5 Qe7 26. Rac1 Rb8 27. Qc5
Rbc8 28. Qxe7 Rxe7 29. Rxc8+ Kh7 30. Rfc1 Kg6 31. f4 h5 32. h4 Kh7 33. R1c7 Rxc7
34. Rxc7 1-0

[Event "Challenge"]
[Site "http://www.queenalice.com/game.php?id=1302443"]
[Date "2014.8.18"]
[Round "-"]
[White "MarKo85"]
[Black "Ruusgugg"]
[Result "1-0"]
[WhiteElo "1717"]
[BlackElo "1386"]

1. d4 d5 2. c4 dxc4 3. Nf3 Bd7 4. Bf4 f5 5. e3 b5 6. a4 b4 7. Bxc4 e6 8. O-O Nf6
9. Ne5 Bc8 10. Bb5+ Bd7 11. Nxd7 Nbxd7 12. Nd2 Nd5 13. Bg3 a6 14. Bc6 Rb8 15.
Qe2 g6 16. Nc4 a5 17. Ne5 Ke7 18. Nxd7 Rb6 19. Bh4+ Ke8 20. Nxb6+ Kf7 21. Bxd8
Nxb6 22. Bxc7 Nd5 23. Bxd5 exd5 24. Qb5 Be7 25. Qd7 Re8 26. Qxd5+ Kf6 27. Bf4
Rd8 28. Qe5+ Kf7 29. Rac1 Bd6 30. Rc7+ Kf8 31. Qh8# 1-0

[Event "Ajedrez # 1"]
[Site "http://www.queenalice.com/game.php?id=1303858"]
[Date "2014.8.24"]
[Round "1"]
[White "MarKo85"]
[Black "BossHaar"]
[Result "1-0"]
[WhiteElo "1687"]
[BlackElo "2132"]

1. d4 Nf6 2. Nf3 e6 3. c4 c5 4. e3 b6 5. Nc3 cxd4 6. Nxd4 Bb7 7. Nf3 Be7 8. Bd3
O-O 9. O-O Na6 10. b3 Nb4 11. Be2 Ne4 12. Bb2 d5 13. Qd4 Bf6 14. Qd2 Nxd2 15.
Nxd2 Bxc3 16. Bxc3 Nc2 17. Rad1 Qg5 18. Nf3 1-0

[Event "Challenge"]
[Site "http://www.queenalice.com/game.php?id=1303907"]
[Date "2014.8.25"]
[Round "-"]
[White "Vrscika"]
[Black "MarKo85"]
[Result "1-0"]
[WhiteElo "1691"]
[BlackElo "1704"]

1. d4 d5 2. Nc3 Nf6 3. h3 Bf5 4. Nf3 Nc6 5. g4 Bg6 6. Nh4 Nxd4 7. Nxg6 hxg6 8.
Qxd4 e6 9. Bg2 Be7 10. e4 c5 11. Qa4+ 1-0